Countries of the World with Tricolour Flags - Only Flags will Appear - Statistics

General Stats
  • This quiz has been taken 4,439 times
    4,189 since last reset
  • The average score is 43 of 72
Answer Stats
Answer % Correct
France
92%
Russia
89%
Germany
85%
United States
85%
Italy
84%
Netherlands
84%
Belgium
82%
Ireland
82%
United Kingdom
80%
Romania
78%
Luxembourg
75%
Australia
73%
Chad
73%
Iceland
72%
Norway
72%
Estonia
71%
Lithuania
71%
New Zealand
71%
Bulgaria
70%
Hungary
70%
Colombia
69%
Cote d'Ivoire
68%
Yemen
67%
Mali
66%
Thailand
65%
Guinea
64%
Chile
63%
Cuba
60%
Niger
60%
Slovakia
60%
Costa Rica
59%
Czech Republic
58%
North Korea
58%
Panama
58%
Senegal
58%
Armenia
57%
Bolivia
57%
Iran
57%
Algeria
56%
D.R.Congo
56%
Laos
56%
Liberia
56%
Benin
55%
Madagascar
55%
Cameroon
53%
Gabon
53%
Oman
53%
Republic of the Congo
53%
Belarus
51%
Jamaica
51%
Sierra Leone
51%
Nepal
50%
Mongolia
48%
Angola
47%
Botswana
47%
Taiwan
47%
Bosnia and Herzegovina
45%
Mauritania
45%
Samoa
45%
Trinidad and Tobago
45%
Bahamas
44%
Lebanon
43%
Barbados
42%
Burkina Faso
42%
Rwanda
42%
Cyprus
41%
Maldives
40%
Saint Vincent and the Grenadines
40%
Burundi
39%
Kosovo
39%
Malawi
38%
Grenada
35%
No matching quizzes found
Score Distribution
Percent of People with Each Score
Percentile by Number Answered
Your Score History
You have not taken this quiz since the last reset